Supply chain strategies : (Record no. 1309142)

MARC details
000 -LEADER
fixed length control field 01693nam a22001937a 4500
005 - DATE AND TIME OF LATEST TRANSACTION
control field 20250603154735.0
008 - FIXED-LENGTH DATA ELEMENTS--GENERAL INFORMATION
fixed length control field 250418b |||||||| |||| 00| 0 eng d
020 ## - INTERNATIONAL STANDARD BOOK NUMBER
International Standard Book Number 9781032493329
040 ## - CATALOGING SOURCE
Original cataloging agency SDCL
Transcribing agency SDCL
041 ## - LANGUAGE CODE
Source of code eng
Language code of text/sound track or separate title eng
084 ## - COLON CLASSIFICATION NUMBER
Classification number X:732:8 R4
100 ## - MAIN ENTRY--PERSONAL NAME
Personal name Hines, Tony
9 (RLIN) 752431
245 ## - TITLE STATEMENT
Title Supply chain strategies :
Remainder of title Demand driven and customer focused
250 ## - EDITION STATEMENT
Edition statement 3rd ed.
260 ## - PUBLICATION, DISTRIBUTION, ETC.
Place of publication, distribution, etc. London :
Name of publisher, distributor, etc. Routledge,
Date of publication, distribution, etc. 2024.
300 ## - PHYSICAL DESCRIPTION
Extent xv, 399p.
520 ## - SUMMARY, ETC.
Summary, etc. Supply Chain Strategies demonstrates how organizations must take strategic decisions in order to manage their supply chains to sustain competitiveness in the global economy. Whereas many textbooks on supply chain management focus on purchasing and operations, this new edition of Tony Hines’ text focuses upon the direction-setting and efficient resource-allocation that organizations need to provide in order to satisfy their customers. Overcoming tensions between political, economic, technological, ethical and environmental considerations is shown to be vital to develop effective strategies for managing the supply chain.<br/><br/>The third edition of Tony Hines’ successful textbook integrates thoroughly updated international cases to demonstrate how strategic thinking and SCM play out in the real world, and contains a host of useful pedagogy to reinforce learning, including learning outcomes for each chapter, discussion questions and a handy glossary. New to this edition are chapters discussing supply chain risk, procurement strategies and supply chain futures.<br/><br/>This book is ideal for courses on supply chain management – especially those that require a strategic element.
942 ## - ADDED ENTRY ELEMENTS (KOHA)
Source of classification or shelving scheme Colon Classification (CC)
Koha item type Textual
Suppress in OPAC No
Holdings
Withdrawn status Lost status Source of classification or shelving scheme Damaged status Not for loan Home library Current library Date acquired Source of acquisition Inventory number Total Checkouts Full call number Barcode Date last seen Price effective from Koha item type
    Colon Classification (CC)     South Campus Library South Campus Library 2025-04-18 Excel Book International 132, 24/12/2024, UKP 56.99   X:732:8 R4 SC1690707 2025-04-18 2025-04-18 Textual
Copyright @ Delhi University Library System